|
|
|
|
| LEADER |
01284nam a2200301 a 4500 |
| 001 |
35446 |
| 003 |
BD-DhAAL |
| 005 |
20211130155901.0 |
| 008 |
191106t1994 maua bf 001 0 eng |
| 999 |
|
|
|c 41767
|d 41767
|
| 010 |
|
|
|a 93246739
|
| 020 |
|
|
|a 0201539632
|
| 020 |
|
|
|a 9780201539639
|
| 040 |
|
|
|a DLC
|c DLC
|d BD-DhAAL
|
| 050 |
0 |
0 |
|a PE1128.A2
|b C43 1994
|
| 082 |
0 |
0 |
|a 428.007
|2 20
|
| 100 |
1 |
|
|a Chamot, Anna Uhl.
|9 36829
|
| 245 |
1 |
4 |
|a The CALLA handbook :
|b implementing the cognitive academic language learning approach /
|c Anna Uhl Chamot and J. Michael O'Malley.
|
| 260 |
|
|
|a Reading, Mass. :
|b Addison-Wesley Pub. Co.,
|c c1994.
|
| 300 |
|
|
|a x, 340 pages :
|b illustrations ;
|c 27 cm.
|
| 504 |
|
|
|a Includes bibliographical references (pages 321-333) and index.
|
| 526 |
|
|
|a BIED
|
| 541 |
|
|
|a Complimentary copy from BIED
|e 35446
|
| 650 |
|
0 |
|a English language
|x Study and teaching (Higher)
|x Foreign speakers
|x Handbooks, manuals, etc.
|9 36830
|
| 700 |
1 |
|
|a O'Malley, J. Michael.
|9 36831
|
| 852 |
|
|
|a Ayesha Abed Library
|c BIED Collection
|
| 942 |
|
|
|2 ddc
|c BK
|
| 952 |
|
|
|0 0
|1 0
|2 ddc
|4 0
|6 428_007000000000000_CHA
|7 0
|9 67049
|a BRACUL
|b BRACUL
|c GEN
|d 2019-11-06
|e Complimentary copy from BIED
|l 0
|o 428.007 CHA
|p 3010035446
|r 2019-11-06
|t 1
|w 2019-11-06
|y BK
|x Transferred from BIED to General Stacks
|